Statistics for Capital by Country Shape #2

Click here to take the quiz!

General Stats

  • This quiz has been taken 17 times
  • The average score is 17 of 20

Answer Stats

Answer% Correct
Oslo
100%
Algiers
93%
Bangkok
93%
Havana
93%
Lima
93%
Lisbon
93%
Manila
93%
Reykjavik
93%
Wellington
93%
Bogota
87%
Copenhagen
87%
Dhaka
87%
Rabat
87%
Riyadh
87%
Tehran
87%
Islamabad
80%
Seoul
80%
Vienna
80%
Kinshasa
73%
Luanda
67%

Score Distribution

Percentile by Number Answered

Percent of People with Each Score

Your Score History

You have not taken this quiz